Evidence for scaling up HIV treatment in sub-Saharan Africa: a call for incorporating health system constraints
Jan Hontelez and colleagues argue that the cost-effectiveness studies of HIV treatment scale-up need to include health system constraints to be more informative.
Saved in:
| Main Authors: | , |
|---|---|
| Format: | Article (Journal) |
| Language: | English |
| Published: |
February 21, 2017
|
| In: |
PLoS medicine
Year: 2017, Volume: 14, Issue: 2 |
| ISSN: | 1549-1676 |
| DOI: | 10.1371/journal.pmed.1002240 |
| Online Access: | Verlag, kostenfrei, Volltext: http://dx.doi.org/10.1371/journal.pmed.1002240 Verlag, kostenfrei, Volltext: https://journals.plos.org/plosmedicine/article?id=10.1371/journal.pmed.1002240 |
| Author Notes: | Evelinn Mikkelsen, Jan A. C. Hontelez, Maarten P. M. Jansen, Till Bärnighausen, Katharina Hauck, Kjell A. Johansson, Gesine Meyer-Rath, Mead Over, Sake J. de Vlas, Gert J. van der Wilt, Noor Tromp, Leon Bijlmakers, Rob M. P. M. Baltussen |
MARC
| LEADER | 00000caa a2200000 c 4500 | ||
|---|---|---|---|
| 001 | 1582449430 | ||
| 003 | DE-627 | ||
| 005 | 20230427193225.0 | ||
| 007 | cr uuu---uuuuu | ||
| 008 | 181031s2017 xx |||||o 00| ||eng c | ||
| 024 | 7 | |a 10.1371/journal.pmed.1002240 |2 doi | |
| 035 | |a (DE-627)1582449430 | ||
| 035 | |a (DE-576)512449430 | ||
| 035 | |a (DE-599)BSZ512449430 | ||
| 035 | |a (OCoLC)1341022043 | ||
| 040 | |a DE-627 |b ger |c DE-627 |e rda | ||
| 041 | |a eng | ||
| 084 | |a 33 |2 sdnb | ||
| 100 | 1 | |a Mikkelsen, Evelinn |e VerfasserIn |0 (DE-588)1170243843 |0 (DE-627)1038150574 |0 (DE-576)512449511 |4 aut | |
| 245 | 1 | 0 | |a Evidence for scaling up HIV treatment in sub-Saharan Africa |b a call for incorporating health system constraints |c Evelinn Mikkelsen, Jan A. C. Hontelez, Maarten P. M. Jansen, Till Bärnighausen, Katharina Hauck, Kjell A. Johansson, Gesine Meyer-Rath, Mead Over, Sake J. de Vlas, Gert J. van der Wilt, Noor Tromp, Leon Bijlmakers, Rob M. P. M. Baltussen |
| 264 | 1 | |c February 21, 2017 | |
| 300 | |a 5 | ||
| 336 | |a Text |b txt |2 rdacontent | ||
| 337 | |a Computermedien |b c |2 rdamedia | ||
| 338 | |a Online-Ressource |b cr |2 rdacarrier | ||
| 500 | |a Gesehen am 31.10.2018 | ||
| 520 | |a Jan Hontelez and colleagues argue that the cost-effectiveness studies of HIV treatment scale-up need to include health system constraints to be more informative. | ||
| 650 | 4 | |a Antiretroviral therapy | |
| 650 | 4 | |a Cost-effectiveness analysis | |
| 650 | 4 | |a Finance | |
| 650 | 4 | |a Health care policy | |
| 650 | 4 | |a Health services research | |
| 650 | 4 | |a Health systems strengthening | |
| 650 | 4 | |a HIV | |
| 650 | 4 | |a Science policy | |
| 700 | 1 | |a Bärnighausen, Till |d 1969- |e VerfasserIn |0 (DE-588)120262029 |0 (DE-627)080560512 |0 (DE-576)178470848 |4 aut | |
| 773 | 0 | 8 | |i Enthalten in |a Public Library of Science |t PLoS medicine |d Lawrence, Kan. : PLoS, 2004 |g 14(2017), 2, Artikel-ID e1002240 |h Online-Ressource |w (DE-627)470151471 |w (DE-600)2164823-2 |w (DE-576)273890131 |x 1549-1676 |7 nnas |
| 773 | 1 | 8 | |g volume:14 |g year:2017 |g number:2 |g elocationid:e1002240 |g extent:5 |a Evidence for scaling up HIV treatment in sub-Saharan Africa a call for incorporating health system constraints |
| 856 | 4 | 0 | |u http://dx.doi.org/10.1371/journal.pmed.1002240 |x Verlag |x Resolving-System |z kostenfrei |3 Volltext |
| 856 | 4 | 0 | |u https://journals.plos.org/plosmedicine/article?id=10.1371/journal.pmed.1002240 |x Verlag |z kostenfrei |3 Volltext |
| 951 | |a AR | ||
| 992 | |a 20181031 | ||
| 993 | |a Article | ||
| 994 | |a 2017 | ||
| 998 | |g 120262029 |a Bärnighausen, Till |m 120262029:Bärnighausen, Till |d 910000 |d 912800 |e 910000PB120262029 |e 912800PB120262029 |k 0/910000/ |k 1/910000/912800/ |p 4 | ||
| 999 | |a KXP-PPN1582449430 |e 3030124924 | ||
| BIB | |a Y | ||
| SER | |a journal | ||
| JSO | |a {"name":{"displayForm":["Evelinn Mikkelsen, Jan A. C. Hontelez, Maarten P. M. Jansen, Till Bärnighausen, Katharina Hauck, Kjell A. Johansson, Gesine Meyer-Rath, Mead Over, Sake J. de Vlas, Gert J. van der Wilt, Noor Tromp, Leon Bijlmakers, Rob M. P. M. Baltussen"]},"note":["Gesehen am 31.10.2018"],"relHost":[{"id":{"zdb":["2164823-2"],"issn":["1549-1676"],"eki":["470151471"]},"physDesc":[{"extent":"Online-Ressource"}],"disp":"Public Library of SciencePLoS medicine","origin":[{"publisher":"PLoS","dateIssuedKey":"2004","dateIssuedDisp":"2004-","publisherPlace":"Lawrence, Kan."}],"recId":"470151471","corporate":[{"role":"aut","display":"Public Library of Science"}],"part":{"extent":"5","text":"14(2017), 2, Artikel-ID e1002240","volume":"14","issue":"2","year":"2017"},"type":{"bibl":"periodical","media":"Online-Ressource"},"language":["eng"],"pubHistory":["1.2004 -"],"title":[{"title_sort":"PLoS medicine","title":"PLoS medicine"}],"note":["Fortsetzung der Druck-Ausgabe","Gesehen am 20.11.2020"],"name":{"displayForm":["Public Library of Science"]},"titleAlt":[{"title":"Medicine"}]}],"title":[{"subtitle":"a call for incorporating health system constraints","title_sort":"Evidence for scaling up HIV treatment in sub-Saharan Africa","title":"Evidence for scaling up HIV treatment in sub-Saharan Africa"}],"type":{"bibl":"article-journal","media":"Online-Ressource"},"language":["eng"],"recId":"1582449430","origin":[{"dateIssuedDisp":"February 21, 2017","dateIssuedKey":"2017"}],"person":[{"family":"Mikkelsen","given":"Evelinn","display":"Mikkelsen, Evelinn","role":"aut"},{"display":"Bärnighausen, Till","role":"aut","family":"Bärnighausen","given":"Till"}],"physDesc":[{"extent":"5 S."}],"id":{"doi":["10.1371/journal.pmed.1002240"],"eki":["1582449430"]}} | ||
| SRT | |a MIKKELSENEEVIDENCEFO2120 | ||